Teorie zdrojových funkcí plošných konstrukcí a její aplikace na desky

Enregistré dans:
Détails bibliographiques
Auteur principal: Kolář, Vladimír (Auteur)
Format: Livre
Langue:tchèque
Publié: Bratislava : SAV, 1967
Édition:1.vyd.
Tags: Ajouter un tag
Pas de tags, Soyez le premier à ajouter un tag!

MARC

LEADER 00000nam a22000003a 4500
001 stu270158
005 20150617230249.0
008 130704s--------cs------------------cze-d
040 |a STU  |b slo 
041 0 |a cze 
044 |a cs 
100 1 |a Kolář, Vladimír  |4 aut 
245 1 |a Teorie zdrojových funkcí plošných konstrukcí a její aplikace na desky 
250 |a 1.vyd. 
260 |a Bratislava :  |b SAV,  |c 1967 
300 |a 330 s 
996 |b 284V035211  |c V*5178/O-545  |l VVS  |s A  |a 24  |w stu270158_0001 
996 |b 284V035420  |c V*5179/O-545a  |l VVS  |s A  |a 24  |w stu270158_0002